| 000 | 01235cam a22003497a 4500 | ||
|---|---|---|---|
| 001 | 13378722 | ||
| 003 | JO-AjAnu | ||
| 005 | 20240908131208.0 | ||
| 008 | 020123s2002 enk b 001 0 eng | ||
| 010 | _a 2003274912 | ||
| 015 | _aGBA2-Z1942 | ||
| 020 | _a0415231728 | ||
| 020 | _a0415231736 (pbk.) | ||
| 035 | _a(OCoLC)ocm48884064 | ||
| 040 |
_aUKM _cUKM _dTJC _dDLC _dJO-AjAnu _beng |
||
| 041 |
_aeng _heng |
||
| 042 | _alccopycat | ||
| 050 | 0 | 0 |
_aP327 _b.J33 2002 |
| 082 | 0 | 4 |
_a413.028 _221 |
| 100 | 1 |
_aJackson, Howard, _d1945- |
|
| 245 | 1 | 0 |
_aLexicography : _bAn Introduction / _cHoward Jackson. |
| 260 |
_aLondon ; _aNew York : _bRoutledge, _c2002. |
||
| 300 |
_ax, 190 p. ; _c24 cm. |
||
| 504 | _aIncludes bibliographical references (p. [184]-188) and index. | ||
| 650 | 0 | _aLexicography. | |
| 856 | 4 | 1 |
_3Table of contents only _uhttp://www.loc.gov/catdir/toc/fy041/2003274912.html |
| 856 | 4 | 2 |
_3Publisher description _uhttp://www.loc.gov/catdir/enhancements/fy0650/2003274912-d.html |
| 856 | 4 | 2 |
_3Contributor biographical information _uhttp://www.loc.gov/catdir/enhancements/fy1112/2003274912-b.html |
| 906 |
_a7 _bcbc _ccopycat _d3 _encip _f20 _gy-gencatlg |
||
| 942 |
_2lcc _cBK _n0 |
||
| 999 |
_c33651 _d33651 |
||